000 00395nam a2200145Ia 4500
008 230917s9999||||xx |||||||||||||| ||und||
040 _e87019
_aMAIN
041 _aEnglish
082 _a005.133 H749J
100 _aHolzner, Steven
245 0 _aJava 2: AWT, swing, xml and java beans programming black book
260 _aNew Delhi
_bDreamtech
_c2002
300 _axxvii, 1154 p.
942 _cBK
999 _c111025
_d111025